000 00906nam a2200229 i 4500
001 bg
100 1 _aWOJCIECHOWSKI, Jerzy
245 1 0 _aMetody programowania obróbki powierzchni śrubowych o zmiennym skoku na obrabiarkach wieloosiowych /
_cJerzy Wojciechowski.
260 _aWarszawa :
_bOficyna Wydawnicza PW,
_c2001.
300 _a143 s. :
_bil. ;
_c24 cm.
490 1 _aPrace Naukowe / Politechnika Warszawska. Mechanika,
_x0137-2335 ;
_vz. 188
500 _aW nagł. nazwa serii: Prace Naukowe Politechniki Warszawskiej. - Opis wg okł. - Streszcz. ang.
504 _aBibliogr.
650 9 _aFrezowanie
_xautomatyzacja
650 9 _aObrabiarki sterowane numerycznie
_xprogramowanie
830 0 _aPrace Naukowe (Politechnika Warszawska).
_pMechanika ;
_vz. 188
040 _cBPK
041 0 _apl
_ben
080 _a621.9.06-52:621.91
942 _cKS
008 s pl f |000 0 pol
999 _c40632
_d40632
856 _uhttp://koha.tu.koszalin.pl/cgi-bin/koha/opac-detail.pl?biblionumber=40632
_yKatalog online BPK